|
|
|
|
| LEADER |
01043cam a2200241 7i4500 |
| 001 |
0000053581 |
| 005 |
20200630090000.0 |
| 020 |
|
|
|a 9783642409752 (electronic book)
|
| 090 |
0 |
0 |
|a HD60
|b .C77 2013
|
| 245 |
0 |
0 |
|a Corporate social responsibility :
|b challenges, opportunities and strategies for 21st century leaders
|c John O. Okpara, Samuel O. Idowu, editors.
|
| 264 |
|
|
|a Heidelberg:
|b Springer-Verlag Berlin Heidelberg,
|c 2013.
|
| 300 |
|
|
|a 1 online resource (xxxi, 296 pages):
|b illustrations, text file, PDF.
|
| 336 |
|
|
|a text
|2 rdacontent
|
| 337 |
|
|
|a computer
|2 rdamedia
|
| 338 |
|
|
|a online resource
|2 rdacarier
|
| 490 |
0 |
|
|a CSR, sustainability, ethics & governance
|
| 650 |
0 |
0 |
|a Social responsibility of business
|
| 655 |
0 |
0 |
|a Electronic books
|
| 700 |
1 |
|
|a Idowu, Samuel O.
|
| 700 |
1 |
|
|a Okpara, John O.
|
| 856 |
4 |
2 |
|u http://library.unisel.edu.my/equip-unisel/custom/ebook_catalog/2013BookCorporateSocialResponsibilitycompressed.pdf
|
| 997 |
|
|
|a Business & Accountancy, Faculty
|
| 999 |
|
|
|a EBO0000110
|b EBOOK
|c EBOOK
|e Electronic resources
|